000
00343pam a2200157a 44500
008
230515b2009 xxu||||| |||| 00| 0 eng d
020
_a
NULL
041
_a
ENGLISH
082
_a
621.4
100
_a
ARORA D
245
_a
A COURSE IN POWER PLANT ENGINEERING
250
_a
1
260
_a
_b
NA
_c
2009
300
_a
X/40.31
650
_a
NULL
999
_c
635924
_d
635924